रेलवे सुरक्षा बल RPF/RPSF 23 सब इंस्पेक्टर (SI} पुरूष महिला ऑनलाइन परीक्षा 2018-2019/TCS PYQS साॅॅल्वड पेपर (Record no. 66890)
[ view plain ]
| 000 -LEADER | |
|---|---|
| fixed length control field | 00635nam a22001577a 4500 |
| 003 - CONTROL NUMBER IDENTIFIER | |
| control field | macl |
| 005 - DATE AND TIME OF LATEST TRANSACTION | |
| control field | 20240521150424.0 |
| 008 - FIXED-LENGTH DATA ELEMENTS--GENERAL INFORMATION | |
| fixed length control field | 240521b |||||||| |||| 00| 0 eng d |
| 040 ## - CATALOGING SOURCE | |
| Transcribing agency | macl |
| 082 ## - DEWEY DECIMAL CLASSIFICATION NUMBER | |
| Classification number | 001 |
| 100 ## - MAIN ENTRY--PERSONAL NAME | |
| Personal name | Kiran;lnstitute |
| 9 (RLIN) | 82393 |
| 245 ## - TITLE STATEMENT | |
| Title | रेलवे सुरक्षा बल RPF/RPSF 23 सब इंस्पेक्टर (SI} पुरूष महिला ऑनलाइन परीक्षा 2018-2019/TCS PYQS साॅॅल्वड पेपर |
| 260 ## - PUBLICATION, DISTRIBUTION, ETC. (IMPRINT) | |
| Place of publication, distribution, etc. | Delhi |
| Name of publisher, distributor, etc. | Kiran;lnstitute |
| Date of publication, distribution, etc. | 2024 |
| 650 ## - SUBJECT ADDED ENTRY--TOPICAL TERM | |
| Topical term or geographic name as entry element | साामान्य ज्ञान |
| 9 (RLIN) | 82394 |
| 942 ## - ADDED ENTRY ELEMENTS (KOHA) | |
| Source of classification or shelving scheme | |
| Koha item type | Competitive Books |
| Withdrawn status | Lost status | Source of classification or shelving scheme | Damaged status | Not for loan | Home library | Current library | Date acquired | Cost, normal purchase price | Total Checkouts | Full call number | Barcode | Date last seen | Date last checked out | Price effective from | Koha item type |
|---|---|---|---|---|---|---|---|---|---|---|---|---|---|---|---|
| MACL | MACL | 21/05/2024 | 325.00 | 7 | 001 | DPI002185 | 14/02/2025 | 14/02/2025 | 21/05/2024 | Competitive Books | |||||
| MACL | MACL | 21/05/2024 | 325.00 | 4 | 001 | DPI002186 | 04/12/2024 | 29/11/2024 | 21/05/2024 | Competitive Books | |||||
| MACL | MACL | 21/05/2024 | 325.00 | 3 | 001 | DPI002187 | 05/12/2024 | 23/11/2024 | 21/05/2024 | Competitive Books |









